书目信息 |
| 题名: |
中国自然地理
|
|
| 作者: | ;上海师范大学 编 | |
| 分册: | 上册 | |
| 出版信息: | 北京 科学出版社 1980 |
|
| 页数: | 148页 | |
| 开本: | 26cm | |
| 丛书名: | ||
| 单 册: | ||
| 中图分类: | P942 , P924 | |
| 科图分类: | ||
| 主题词: | 自然地理学--中国 | |
| 电子资源: | ||
| ISBN: | ||
| 000 | 00613nam0 2200229 450 | |
| 001 | 1538279573 | |
| 005 | 20150131103825.59 | |
| 010 | @dCNY0.90 | |
| 091 | @a12012.017 | |
| 100 | @a19900818d1980 emky0chiy0110 ea | |
| 101 | 0 | @achi |
| 102 | @aCN@b110000 | |
| 105 | @ay z 000yy | |
| 200 | 1 | @a中国自然地理@9zhong guo zi ran di li@h上册@f上海师范大学等编 |
| 210 | @a北京@c科学出版社@d1980 | |
| 215 | @a148页@d26cm | |
| 606 | 0 | @a自然地理学@y中国 |
| 690 | @aP942@v5 | |
| 690 | @aP924@v4 | |
| 711 | 02 | @a上海师范大学@9shang hai shi fan da xue@4编 |
| 801 | 0 | @aCN@bTSSF@c20150131 |
| 905 | @aZUCC@dP924@eJY10:1 | |
| 中国自然地理.上册/上海师范大学等编.-北京:科学出版社,1980 |
| 148页;26cm |
| ISBN :CNY0.90 |
| ● |
| 相关链接 |
|
|
|
|
正题名:中国自然地理
索取号:P924/JY10:1
 
预约/预借
| 序号 | 登录号 | 条形码 | 馆藏地/架位号 | 状态 | 备注 |
| 1 | 7863257 | 278632570 | 学院路分馆/ [索取号:P924/JY10:1] | 在馆 |